000 00531nam a2200205Ia 4500
003 OSt
005 20240327101028.0
008 210210b1972 xxu||||| |||| 00| 0 eng d
040 _cAL
041 _aKannada
082 _aK894.301 ANUO
100 _aANUPAMA NIRANJANA.
_dಅನುಪಮಾ ನಿರಂಜನ
_9157138
245 _aOdalu
_bಒಡಲು
260 _aMaisuru
_bDarshana Prakashana
_c1972
300 _a108
650 _aOdalu
_9157139
690 _aKannada Fiction
_9157140
906 _a029753
942 _2ddc
_cBK
999 _c80958
_d80958